Readings and cases in basic marketing
Αποθηκεύτηκε σε:
| Άλλοι συγγραφείς: | , , |
|---|---|
| Μορφή: | Βιβλίο |
| Γλώσσα: | English |
| Δημοσίευση: |
Homewood :
Irwin,
1984
|
| Έκδοση: | 4th ed. |
| Θέματα: | |
| Ετικέτες: |
Προσθήκη ετικέτας
Δεν υπάρχουν, Καταχωρήστε ετικέτα πρώτοι!
|
MARC
| LEADER | 00000nam a2200000 i 4500 | ||
|---|---|---|---|
| 001 | 1/29265 | ||
| 008 | 960321s1984 eng d | ||
| 020 | |a 0256031312 | ||
| 035 | |l 10023188 | ||
| 040 | |a GR-MY-UA |b gre |e aacr | ||
| 041 | 0 | |a eng | |
| 082 | 0 | |a 658.8 | |
| 245 | 1 | 0 | |a Readings and cases in basic marketing |
| 250 | |a 4th ed. | ||
| 260 | |a Homewood : |b Irwin, |c 1984 | ||
| 300 | |a 387 p. | ||
| 500 | |a To accompany McCarthy and Perreault's Basic Marketing 8th ed. | ||
| 650 | 0 | 0 | |a Marketing. |
| 700 | 1 | |a McCarthy, Jerome. |4 edt | |
| 700 | 1 | |a Grashof, John F. |4 edt | |
| 700 | 1 | |a Brogowicz, Andrew A. |4 edt | |
| 852 | |a INST |b CHIOS |e 19960321 |h 658.8 REA |p 005200015563 |q 005200015563 |t BK |y 0 | ||
| 909 | |a Χ |b 001557 | ||